01632nam a22002417a 450000500170000000800410001702000180005804000070007604100120008308200170009510000280011224500190014026000440015930000250020336500300022852007150025865000760097370000280104994200120107799900190108995201410110895201410124920250703114842.0250702b |||||||| |||| 00| 0 eng d a9788197595141 cAL aEnglish a615.53bBHAS aPoornima Bhat K9217015 aSiamese Sunday aMangalurubSt Aloysius Prakashanac2025 a54 p.bPBc21x14 cm. b₹100.00c₹d₹100.00 aSiamese Ratna Chintana' is an attempt in Kannada to describe the medicinal effect of gems written in a casual conversational style. Same has been translated as 'Siamese Sunday'. Siamese twins try to open up the world of knowledge of gem therapy. 'Siamese Sunday' is a conversation between Siamese Twins. A humble attempt to throw light as the effect of gems. Gemmolgy in a part and parcel of Ayurveda. Therapatic effect of gems is given a lot of importance in Ayurveda: 'Rasaratna Samuchachya', 'Rasendrasara Sangraha' 'Rasajalanidhi', 'Rasatrangini' are the books which provide lot of information on gem therapy. Whatever was said earlier in the Ayurvedic literature is being talked about and applied of late. aA book about the conversation between siamese Twins originally.9216930 aPrasad,Vidya tr9216931 2ddccDB c234576d234576 00102ddc40708GENaALbALd2025-05-20l0o615.53 BHASpD06297r2025-07-02 16:20:26w2025-07-02yDBzDonated by St Aloysius Prakashana 00102ddc40708GENaALbALd2025-05-20l0o615.53 BHASpD06298r2025-07-02 16:21:05w2025-07-02yDBzDonated by St Aloysius Prakashana